MARC details
| 000 -CABECERA |
| campo de control de longitud fija |
00893nam a2200205 a 4500 |
| 005 - FECHA Y HORA DE LA ÚLTIMA TRANSACCIÓN |
| campo de control |
20240924064307.0 |
| 008 - ELEMENTOS DE LONGITUD FIJA--INFORMACIÓN GENERAL |
| campo de control de longitud fija |
991125s1972 mx 000 0 spa u |
| 035 ## - NÚMERO DE CONTROL DEL SISTEMA |
| Número de control de sistema |
UPN01000057754 |
| 049 ## - COLECCIÓN |
| Colección |
F |
| 050 #4 - SIGNATURA TOPOGRÁFICA DE LA BIBLIOTECA DEL CONGRESO |
| Número de clasificación |
LE7.2913 U265 |
| Número de documento/Ítem |
D412 no.11 |
| 245 00 - MENCIÓN DE TÍTULO |
| Título |
Universidad de planificación social : |
| Resto del título |
las ciencias humanas y la dinámica de la educación y del desarrollo / |
| Mención de responsabilidad, etc. |
Darcy Ribeiro ... [et al.]. |
| 260 ## - PUBLICACIÓN, DISTRIBUCIÓN, ETC. |
| Lugar de publicación, distribución, etc. |
México : |
| Nombre del editor, distribuidor, etc. |
UNAM, Dirección General de Difusión Cultural, Departamentode Humanidades, |
| Fecha de publicación, distribución, etc. |
1972. |
| 300 ## - DESCRIPCIÓN FÍSICA |
| Extensión |
24 p. : |
| Otras características físicas |
il. |
| 440 #0 - MENCIÓN DE SERIE/ASIENTO SECUNDARIO--TÍTULO |
| Título |
Deslinde. |
| Nombre de parte o sección de la obra |
Cuadernos de cultura política universitaria ; |
| Designación de volumen o secuencia |
11 |
| 500 ## - NOTA GENERAL |
| Nota general |
"Coloquio Internacional sobre la Enseñanza de las CienciasSociales, Argelia, 19-23 abril de 1971" |
| 650 #4 - ASIENTO SECUNDARIO DE MATERIA - TERMINO TEMATICO |
| Término de materia o nombre geográfico como elemento de entrada |
Educación |
| Subdivisión de forma |
Planes y programas |
| 9 (RLIN) |
6413 |
| 650 #4 - ASIENTO SECUNDARIO DE MATERIA - TERMINO TEMATICO |
| Término de materia o nombre geográfico como elemento de entrada |
Universidades y colegios |
| 9 (RLIN) |
5013 |
| 700 1# - ASIENTO SECUNDARIO--NOMBRE DE PERSONAL |
| Nombre de persona |
Ribeiro, Darcy, |
| Fechas asociadas al nombre |
1922- |
| Término indicativo de función/relación |
coaut. |
| 9 (RLIN) |
29537 |
| 905 ## - TIPO DE MATERIAL |
| Tipo de material |
Libro |